Największe polskie miasta zawierające literę I - Statystyki

Ogólne statystyki
  • Ten quiz został rozwiązany 31 razy
  • Średni wynik to 13 z 15
Statystyki odpowiedzi
Województwo Populacja Miasto % Poprawnych
Pomorskie 242 141 Gdynia
100%
Podlaskie 292 058 Białystok
97%
Śląskie 279 119 Katowice
97%
Lubelskie 330 447 Lublin
97%
Zachodniopomorskie 390 278 Szczecin
97%
Świętokrzyskie 183 147 Kielce
93%
Lubuskie 139 132 Zielona Góra
93%
Śląskie 166 189 Bielsko-Biała
83%
Lubuskie 115 847 Gorzów Wielkopolski
83%
Zachodniopomorskie 105 905 Koszalin
83%
Śląskie 131 323 Rybnik
83%
Wielkopolskie 93 681 Kalisz
79%
Śląskie 188 151 Sosnowiec
79%
Śląskie 170 457 Gliwice
76%
Śląskie 114 148 Dąbrowa Górnicza
72%
Nie znaleziono quizów pasujących do podanych kryteriów
Rozkład punktacji
Procent ludzi z każdym wynikiem
Percentyl według liczby udzielonych odpowiedzi
Twoja historia wyników
Nie rozwiązałeś tego quizu